000 00915cam a2200193 4500500
005 20260329021412.0
041 _afre
042 _adc
100 1 0 _aBenosman, Djaouida
_eauthor
245 0 0 _aPersonnalité pathologique et thérapie cognitive : Étude clinique menée sur 6 sujets dépressifs
260 _c2013.
500 _a71
520 _aÉtude clinique visant à mettre en évidance le role de la personnalité, à savoir traits et troubles codifiés, dans la prise en charge psychothérapiques (thérapie cognitive) des troubles dépressifs. Ce travail était dirigé par le Docteur Nasra Kouider de l’Université d’Oran.
690 _apersonnalité
690 _athérapie cognitive
690 _atroubles dépressifs
786 0 _nPsy Cause | 62 | 1 | 2013-01-14 | p. 48-51 | 1245-2394
856 4 1 _uhttps://shs.cairn.info/revue-psy-cause-2013-1-page-48?lang=fr&redirect-ssocas=7080
999 _c1912294
_d1912294